Central Library OPAC University of Rajshahi

Chronic disease and disability / (Record no. 6887)

MARC details
000 -LEADER
fixed length control field 00688cam a22002411 4500
001 - CONTROL NUMBER
control field 6887
003 - CONTROL NUMBER IDENTIFIER
rucl marc code BD-RjUL
005 - DATE AND TIME OF LATEST TRANSACTION
control field 20211208234331.0
008 - FIXED-LENGTH DATA ELEMENTS--GENERAL INFORMATION
fixed length control field 120114s1966 cau b 000 0 eng
035 ## - SYSTEM CONTROL NUMBER
System control number (BD-RjUL)
040 ## - CATALOGING SOURCE
Original cataloging agency DLC
Transcribing agency ICU
Modifying agency DLC
Language of cataloging eng
041 ## - LANGUAGE CODE
Language code of text/sound track or separate title eng
082 00 - DEWEY DECIMAL CLASSIFICATION NUMBER
Classification number 614.59
Author mark and year TRC 1966
100 1# - MAIN ENTRY--PERSONAL NAME
Personal name Travis, Georgia.
9 (RLIN) 21622
245 10 - TITLE STATEMENT
Title Chronic disease and disability /
Statement of responsibility, etc. Georgia Travis
260 ## - PUBLICATION, DISTRIBUTION, ETC. (IMPRINT)
Place of publication, distribution, etc. Berkeley,
Name of publisher, distributor, etc. University of California Press,
Date of publication, distribution, etc. 1966
300 ## - PHYSICAL DESCRIPTION
Pagination 295 p.
Size 23 cm.
504 ## - BIBLIOGRAPHY, ETC. NOTE
Bibliography, etc Includes bibliography.
650 #0 - SUBJECT ADDED ENTRY--TOPICAL TERM
Topical term or geographic name as entry element Chronic diseases
General subdivision Social aspects.
9 (RLIN) 21623
Topical term or geographic name as entry element Chronically ill
General subdivision Rehabilitation.
9 (RLIN) 21624
942 ## - ADDED ENTRY ELEMENTS (KOHA)
Source of classification or shelving scheme Dewey Decimal Classification
Koha item type Books
Holdings
Lost status Source of classification or shelving scheme Damaged status Not for loan Collection code Permanent Location Current Location Shelving location Date acquired Source of acquisition Cost, normal purchase price Total Checkouts Full call number Date last seen Copy number Koha item type Date checked out
  Dewey Decimal Classification     Non-fiction Central Library, University of Rajshahi Central Library, University of Rajshahi   07/08/1968 Miror Book, Lahor. 30.00   614.59 TRC 1966 12/01/2014 C-3 Books  
  Dewey Decimal Classification     Non-fiction Central Library, University of Rajshahi Central Library, University of Rajshahi   07/08/1968 Miror Book, Lahor. 30.00 1 614.59 TRC 1966 04/09/2022 C-2 Books 16/06/2022
  Dewey Decimal Classification     Non-fiction Central Library, University of Rajshahi Central Library, University of Rajshahi   07/08/1968 Miror Book, Lahor. 30.00   614.59 TRC 1966 22/08/2016 C-4 Books  
  Dewey Decimal Classification     Non-fiction Central Library, University of Rajshahi Central Library, University of Rajshahi   07/08/1968 Miror Book, Lahor. 30.00   614.59 TRC 1966 22/08/2016 C-5 Books  
  Dewey Decimal Classification   Not For Loan Non-fiction Central Library, University of Rajshahi Central Library, University of Rajshahi Reading Room 07/08/1968 Mirza boook agency 30.00   614.59 TRC 1966 19/01/2017 C-1 Books